MARC details
| 000 -LEADER |
| campo de control de longitud fija |
02676nam a22003137a 4500 |
| 003 - IDENTIFICADOR DE NÚMERO DE CONTROL |
| campo de control |
BJBSDDR |
| 005 - FECHA Y HORA DE LA ÚLTIMA TRANSACCIÓN |
| campo de control |
20260512103017.0 |
| 007 - CAMPO FIJO DE DESCRIPCIÓN FÍSICA--INFORMACIÓN GENERAL |
| campo de control de longitud fija |
ta |
| 008 - DATOS DE LONGITUD FIJA--INFORMACIÓN GENERAL |
| campo de control de longitud fija |
260219s2024 fr ||||| |||| 00| 0 fre d |
| 020 ## - NÚMERO INTERNACIONAL ESTÁNDAR DEL LIBRO |
| Número Internacional Estándar del Libro |
9782130870159 |
| 020 ## - NÚMERO INTERNACIONAL ESTÁNDAR DEL LIBRO |
| Número Internacional Estándar del Libro |
2130870155 |
| 040 ## - FUENTE DE CATALOGACIÓN |
| Lengua de catalogación |
eng |
| Centro/agencia transcriptor |
BJBSDDR |
| 041 ## - CÓDIGO DE IDIOMA |
| Código de lengua del texto/banda sonora o título independiente |
fre |
| 050 14 - SIGNATURA TOPOGRÁFICA DE LA BIBLIOTECA DEL CONGRESO |
| Número de clasificación |
LC 93 |
| Número de ítem |
N436r 2024 |
| 100 1# - ENTRADA PRINCIPAL--NOMBRE DE PERSONA |
| Nombre de persona |
Nemo, Philippe, |
| Fechas asociadas al nombre |
1949- |
| 9 (RLIN) |
47155 |
| 245 10 - MENCIÓN DEL TÍTULO |
| Título |
Repenser l'enseignement / |
| Mención de responsabilidad, etc. |
Philippe Nemo |
| 260 ## - PUBLICACIÓN, DISTRIBUCIÓN, ETC. |
| Lugar de publicación, distribución, etc. |
Paris : |
| Nombre del editor, distribuidor, etc. |
PUF, |
| Fecha de publicación, distribución, etc. |
2024 |
| 300 ## - DESCRIPCIÓN FÍSICA |
| Extensión |
290 pages ; |
| Dimensiones |
22 cm |
| 490 1# - MENCIÓN DE SERIE |
| Mención de serie |
Société |
| 500 ## - NOTA GENERAL |
| Nota general |
PUF = Presses universitaires de France |
| 504 ## - NOTA DE BIBLIOGRAFÍA, ETC. |
| Nota de bibliografía, etc. |
Includes bibliographical references. |
| 520 ## - RESUMEN, ETC. |
| Sumario, etc. |
Les sous-performances de notre système scolaire et universitaire sont cruellement mises en évidence aujourd'hui par les classements internationaux. La France, qui fut jadis un des « cerveaux du monde », semble engagée dans une baisse angoissante de son niveau intellectuel. On peut légitimement incriminer les structures d'un système monopolistique centralisé dont l'expérience a suffisamment montré qu'en raison de sa taille, et parce qu'il est paralysé par le statut de la fonction publique et la cogestion syndicale, il ne peut plus fonctionner. On doit aussi mettre en cause les idéologies qui le dominent depuis des années : rejet de l'entreprise, égalitarisme, pédagogisme, inexplicable réticence à transmettre les savoirs. Si l'on veut remonter la pente, il faut repenser tant les structures que les contenus d'enseignement. Il est indispensable d'instaurer un pluralisme permettant autonomie, émulation et responsabilité, ce qui pourra se faire au sein même du service public, par déconcentration ou décentralisation, mais aussi par le développement d'un secteur privé d'un nouveau type associant financement public et prestation par des acteurs non étatiques. Cette liberté retrouvée permettra de mettre sur pied un enseignement secondaire diversifié comportant, d'une part, des filières techniques et professionnelles d'excellence, d'autre part, un secondaire académique rompant avec le non-sens du « collège unique ». Ainsi pourront être formés les scientifiques, ingénieurs, médecins, administrateurs, experts en tous domaines dont la France a évidemment besoin si elle veut tenir son rang face aux nations qui menacent de la dépasser aujourd'hui sur les plans scientifique, économique et géopolitique. »--Quatrième de couverture |
| 650 #4 - PUNTO DE ACCESO ADICIONAL DE MATERIA--TÉRMINO DE MATERIA |
| Término de materia o nombre geográfico como elemento de entrada |
Educación y Estado |
| 9 (RLIN) |
6349 |
| Subdivisión geográfica |
Francia |
| Subdivisión general |
Historia |
| 650 #4 - PUNTO DE ACCESO ADICIONAL DE MATERIA--TÉRMINO DE MATERIA |
| Término de materia o nombre geográfico como elemento de entrada |
Cambio educativo |
| 9 (RLIN) |
16371 |
| Subdivisión geográfica |
Francia |
| 650 #0 - PUNTO DE ACCESO ADICIONAL DE MATERIA--TÉRMINO DE MATERIA |
| Término de materia o nombre geográfico como elemento de entrada |
Educación |
| Subdivisión general |
Historia |
| 9 (RLIN) |
2427 |
| Subdivisión geográfica |
Francia |
| 830 #0 - PUNTO DE ACCESO ADICIONAL DE SERIE-TÍTULO UNIFORME |
| Título uniforme |
Société |
| 9 (RLIN) |
48393 |
| 942 ## - ELEMENTOS DE ENTRADA SECUNDARIOS (KOHA) |
| Fuente del sistema de clasificación o colocación |
Clasificación de Library of Congress |
| Tipo de ítem Koha |
Libro |
| 946 ## - PROCESAMIENTO DE INFORMACIÓN LOCAL (OCLC) |
| Iniciales del agente catalogador |
cmc |